Les chefs d'Etat Russes depuis la révolution bolchevique - Statistiques

Statistiques générales
  • Ce quiz a été pris 1 516 fois
  • Le résultat moyen est 9 sur 14
Statistiques - réponses
Période Nom % Correct
3 avril 1922 - 16 octobre 1952 Joseph Staline
98%
8 novembre 1917 - 21 janvier 1924 Vladimir Ilitch Oulianov (Lénine)
98%
1er janvier 2000 - 7 mai 2000 Vladimir Poutine
97%
7 mai 2000 - 7 mai 2008 Vladimir Poutine
97%
depuis le 7 mai 2012 Vladimir Poutine
97%
11 mars 1985 - 24 août 1991 Mikhaïl Gorbatchev
91%
7 septembre 1953 - 14 octobre 1964 Nikita Khrouchtchev
81%
25 décembre 1991 - 31 décembre 1999 Boris Eltsine
68%
14 octobre 1964 - 10 novembre 1982 Leonid Brejnev
61%
7 mai 2008 - 7 mai 2012 Dmitri Medvedev
57%
12 novembre 1982 - 9 février 1984 Youri Andropov
40%
13 février 1984 - 10 mars 1985 Konstantin Tchernenko
23%
22 septembre 1993 - 4 octobre 1993 Alexandre Routskoï
3%
24 août 1991 - 29 août 1991 Vladimir Ivachko
3%
Aucun quiz correspondant
Distribution des résultats
% des personnes avec chaque résultat
Percentile par nombre de réponses
Votre historique - résultats
Vous n’avez pas pris ce quiz